English grammar for everyone

Bibliographic Details
Main Author: Gáboríková, Eva (Author)
Format: Book
Language:English
Slovak
PhysicalDescription:134 s. ilustr. 20 cm
Published: [Vysoká nad Kysucou] Eva Gáboríková [2011]
ISBN:9788097076207
Edition:1st ed.
Subjects:

MARC

LEADER 00000aam a2200000 a 4500
001 vtls010312849
003 SK-MaSNL
005 20260425223137.0
008 240318s2011 xo a e p 000 0 eng
015 |a SNBA2012/08-04681 
020 |a 9788097076207  |q (brož.) 
035 |a 24773C71-714C-4867-92F3-032A77B14F60 
035 |a urn:nbn:sk:snk-amjios 
035 |a urn:nbn:sk:snk-am001z32 
040 |a SNK  |b slo  |c SNK  |e AACR2 
041 0 |a eng  |a slo 
044 |a xo  |c SK 
072 7 |a 811.111  |x Angličtina  |2 konspekt 
080 |a 811.111  |2 2001 
080 |a 81'36  |2 2001 
080 |a (075)  |2 2001 
080 |a (035)  |2 2001 
100 1 |a Gáboríková, Eva  |4 aut  |9 328701 
245 1 0 |a English grammar for everyone  |c Eva Gáboríková 
250 |a 1st ed. 
260 |a [Vysoká nad Kysucou]  |b Eva Gáboríková  |c [2011] 
300 |a 134 s.  |b ilustr.  |c 20 cm 
650 0 7 |a angličtina  |2 SNKPH  |9 1260 
650 0 7 |a gramatika  |2 SNKPH  |9 865 
650 0 7 |a English language  |2 SNKPHeng  |9 279139 
650 0 7 |a Grammar  |2 SNKPHeng  |9 278150 
655 7 |a učebnice  |2 SNKPH  |9 22521 
655 7 |a Textbooks  |2 SNKPH  |9 276731 
655 7 |a príručky  |2 SNKPH  |9 74364 
655 7 |a Handbooks, manuals, etc.  |2 SNKPHeng  |9 90964 
852 |a Štátna vedecká knižnica v Banskej Bystrici 
919 |a 978-80-970762-0-7 
968 |d 81 
999 |c 577765  |d 579695 
952 |a SNK  |b SNK  |y PREZ  |7 0  |p 17A0718210  |o snkSC 146810  |i snk2011/19697  |8 0  |0 0  |1 0  |4 0  |d 2011-09-22  |l 0  |r 2025-07-15 00:00:00  |w 2026-02-23 
952 |a SNK  |b SNK  |y VYP  |7 0  |p 17A0718211  |o snkSC 146810 D1  |i snk2011/19699  |8 0  |0 0  |1 0  |4 0  |d 2011-09-22  |f 1  |l 0  |r 2026-02-23 14:39:09  |w 2026-02-23